000 00506nam a2200145Ia 4500
008 230917s9999||||xx |||||||||||||| ||und||
040 _e146878
_aMAIN
041 _aEnglish
082 _a301.52 O4S
100 _aOrissa, Bureau of Statistics and Economics
245 0 _aSocio-economic condition of leprosy patients living in nehrupalli, gandhipalli and leprosy home and hospital at nayabazar Cuttack. 1974
260 _aOrissa
_bBureau of Statistics and Economics
_c1970
300 _a36p p.
942 _cBK
999 _c40286
_d40286